[Event "Open Ricany 2013"]
[Site "Turnaj A"]
[Date "24.8.2013"]
[Round "1.11"]
[White "Trepka, Jan"]
[Black "Grecny, Karol"]
[Result "1-0"]
[WhiteElo "2187"]
[BlackElo "1934"]

1. d4 e6 2. c4 Nf6 3. Bf4 Bb4+ 4. Nc3 c5 5. e3 d5 6. Nf3 Ne4 7. Rc1 Nc6 8. Bd3
O-O 9. O-O cxd4 10. exd4 Nxc3 11. bxc3 Bd6 12. Qd2 f5 13. Rfe1 Qc7 14. Bxd6 Qxd6
15. Re2 Bd7 16. Rce1 Rae8 17. Ne5 Nxe5 18. Rxe5 Qc6 19. h4 dxc4 20. Rc5 Qd6
21. Bxc4 Rc8 22. Rxc8 Bxc8 23. Re5 Kh8 24. Qe3 f4 25. Qe4 Qd8 26. h5 b6 27. Bd3
Rf5 28. Rxf5 exf5 29. Qxf4 Be6 30. c4 b5 31. d5 bxc4 32. dxe6 cxd3 33. e7 Qe8
34. Qd6 d2 35. Qxd2 Qxe7 36. Qd5 h6 37. Qxf5 Qa3 38. Qf7 a5 39. Kh2 Qc3 40. g3
Qe5 41. Kh3 Qc3 42. Qd5 Qc8+ 43. Kh4 Qc3 44. Kg4 Qe1 45. f3 Qc3 46. Kf5 Qc8+
47. Ke4 Qc2+ 48. Kd4 Qf2+ 49. Ke4 Qc2+ 50. Kf4 Qc1+ 51. Kg4 Qc8+ 52. Kh4 Qc3
53. f4 Qf6+ 54. Kg4 Qc3 55. Qe6 Qd2 56. Qe8+ Kh7 57. a4 Qc3 58. Qe4+ Kh8 59. f5
Qd2 60. Qe8+ Kh7 61. Qg6+ Kh8 62. f6 Qd4+ 63. Kh3 Qd7+ 64. Qg4 1-0

[Event "Open Ricany 2013"]
[Site "Turnaj A"]
[Date "24.8.2013"]
[Round "1.3"]
[White "Svatos, Jan"]
[Black "Marsalek, Lubos"]
[Result "1-0"]
[WhiteElo "2287"]
[BlackElo "1997"]

1. d4 d5 2. c4 c6 3. Nc3 Nf6 4. Nf3 dxc4 5. a4 a5 6. e4 Bg4 7. Bxc4 e6 8. O-O
Bb4 9. e5 Nd5 10. Ne4 Nd7 11. Qe2 Qb6 12. Rd1 h6 13. h3 Bxf3 14. Qxf3 Qc7
15. Bd2 Be7 16. Qg3 g5 17. Rac1 N7b6 18. Bb3 Nb4 19. Nd6+ Bxd6 20. exd6 Qd7
21. Bxb4 axb4 22. d5 O-O 23. dxe6 fxe6 24. h4 Nd5 25. hxg5 hxg5 26. Qxg5+ Qg7
27. Qxg7+ Kxg7 28. Bxd5 exd5 29. Rd4 Rxa4 30. Rg4+ Kf7 31. Re1 Rd8 32. Re7+ Kf6
33. Rxb7 Rxd6 34. Rbxb4 Rxb4 35. Rxb4 c5 36. Rb5 c4 37. Kf1 Ke5 38. Ke2 Kd4
39. f3 Re6+ 40. Kd2 Rh6 41. Ke2 Re6+ 42. Kf2 Rh6 43. g4 Rd6 44. Ke2 Re6+ 45. Kf2
Rd6 46. g5 Rg6 47. f4 Ke4 48. Kg3 d4 49. Rc5 d3 50. Rxc4+ Ke3 51. Rc8 d2
52. Re8+ Kd3 53. Rd8+ Kc2 54. Kg4 d1=Q+ 55. Rxd1 Kxd1 56. f5 Rb6 57. g6 Rxb2
58. f6 1-0

[Event "Open Ricany 2013"]
[Site "Turnaj A"]
[Date "24.8.2013"]
[Round "1.10"]
[White "Skalicky, Tomas"]
[Black "Kotzot, Jiri"]
[Result "1/2-1/2"]
[WhiteElo "1935"]
[BlackElo "2194"]

1. d4 d5 2. c4 c6 3. Nc3 Nf6 4. Nf3 dxc4 5. a4 Bf5 6. e3 e6 7. Bxc4 Nbd7 8. O-O
Be7 9. Re1 Nb6 10. Bd3 Bxd3 11. Qxd3 Nbd5 12. e4 Nb4 13. Qe2 O-O 14. Bf4 Qb6
15. Red1 Qa6 16. Qxa6 Nxa6 17. Nd2 Rfd8 18. Nb3 Nb4 19. Rac1 Rac8 20. f3 c5
21. Ne2 cxd4 22. Nexd4 Rxc1 23. Rxc1 Nd3 24. Rc7 Nxf4 25. Rxe7 Rd7 26. Rxd7 Nxd7
27. Na5 b6 28. Nac6 a5 29. g3 Nd3 30. b3 e5 31. Nf5 N3c5 32. b4 axb4 33. Nxb4
Nxa4 34. Kf2 g6 35. Nd6 Kf8 36. Nc6 f6 37. Ke3 Nac5 38. Kd2 Ne6 39. h4 h5
40. Kc3 Kg7 41. Ne8+ Kh6 42. Kc4 g5 43. Kd5 gxh4 44. gxh4 Ng5 45. Kd6 Nc5
46. Nxf6 Nxf3 47. Nxe5 Nxh4 48. Nc4 Nxe4+ 49. Nxe4 Nf5+ 50. Ke5 b5 51. Kxf5 bxc4
52. Nc3 Kg7 53. Kg5 Kf7 54. Kxh5 Ke6 55. Kg4 Ke5 56. Kf3 Kd4 57. Na4 Kd3
58. Nb2+ Kc3 59. Nxc4 1/2-1/2

[Event "Open Ricany 2013"]
[Site "Turnaj A"]
[Date "24.8.2013"]
[Round "1.23"]
[White "Dungl, Martin"]
[Black "Berg, Antonin"]
[Result "0-1"]
[WhiteElo "2075"]
[BlackElo "1826"]

1. d4 d5 2. c4 e6 3. Nc3 Nf6 4. cxd5 exd5 5. Bg5 Be7 6. e3 O-O 7. Bd3 h6 8. Bh4
c5 9. dxc5 Nc6 10. Nf3 Be6 11. Rc1 Bxc5 12. Bxf6 Qxf6 13. O-O Bb6 14. Bb1 Rad8
15. Na4 d4 16. Qd3 g6 17. Nxb6 dxe3 18. Qxe3 axb6 19. Qxh6 Rd5 20. Qe3 Nd4
21. Be4 Nxf3+ 22. Bxf3 Rb5 23. b3 Ra8 24. Rc2 Bf5 25. Rd2 Re5 26. Qd4 Kg7
27. Bxb7 Rh8 28. f4 Ra5 29. Qxf6+ Kxf6 30. h3 b5 31. g4 Bc8 32. Bg2 b4 33. Re1
Be6 34. Kf2 Rc8 35. Re4 Rc1 36. Rxb4 Ra1 37. a4 Rb1 38. g5+ Kg7 39. Rd3 Rb2+
40. Kg3 Rc5 41. Rb7 Rc1 42. Bd5 Rg1+ 43. Kf3 Rf1+ 44. Ke3 Bxd5 45. Rxd5 Re1+
46. Kd4 Rf2 47. Rdd7 Rxf4+ 48. Kc5 Rf5+ 49. Kb6 Re6+ 50. Kc7 Rxg5 51. Rb5 Rg3
52. a5 Rxh3 53. Kb7 Kf6 {bily prekrocil cas} 0-1

[Event "Open Ricany 2013"]
[Site "Turnaj A"]
[Date "24.8.2013"]
[Round "1.8"]
[White "Franek, Jan"]
[Black "Liuba, Volodymyr"]
[Result "1/2-1/2"]
[WhiteElo "1970"]
[BlackElo "2196"]

1. e4 c5 2. Nf3 d6 3. Bb5+ Nc6 4. O-O Bd7 5. c3 Nf6 6. Re1 a6 7. Bf1 Bg4 8. h3
Bxf3 9. Qxf3 g6 10. g4 Bg7 11. Bg2 O-O 12. d3 Rc8 13. Qg3 b5 14. a3 a5 15. Bg5
Nd7 16. Nd2 h6 17. Bf4 b4 18. Rac1 bxc3 19. bxc3 g5 20. Be3 Nde5 21. Bf1 Ng6
22. Nf3 Nce5 23. d4 cxd4 24. cxd4 Nxf3+ 25. Qxf3 Qd7 26. Bd3 Rxc1 27. Rxc1 Qa4
28. e5 Qxa3 29. Bxg6 fxg6 30. Qd5+ Kh8 31. Qe6 dxe5 32. dxe5 Kh7 33. Rc7 Qa1+
34. Kg2 Qxe5 1/2-1/2